Statistics for 50 Biggest Transfers in Football History

Click here to take the quiz!

General Stats

  • This quiz has been taken 793 times
    (725 since last reset)
  • The average score is 34 of 50

Answer Stats

FromToFeePlayer% Correct
FC BarcelonaPSG€222MNeymar
100%
Santos FCFC Barcelona€86.2MNeymar
100%
AS MonacoPSG€145MKylian Mbappe
99%
Real MadridJuventus€100MCristiano Ronaldo
98%
Manchester UnitedReal Madrid€94MCristiano Ronaldo
98%
Atletico MadridFC Barcelona€120MAntoine Griezmann
94%
SL BenficaAtletico Madrid€126MJoao Felix
92%
JuventusManchester United€105MPaul Pogba
92%
Tottenham HotspurReal Madrid€100.8MGareth Bale
91%
LiverpoolFC Barcelona€120MPhilippe Coutinho
91%
Borussia DortmundFC Barcelona€105MOusmane Dembele
89%
Leicester CityManchester United€87.1MHarry Maguire
86%
ChelseaReal Madrid€100MEden Hazard
85%
SouthamptonLiverpool€84.5MVirgil Van Dijk
85%
Manchester UnitedInter Milan€80MRomelu Lukaku
83%
EvertonManchester United€84.8MRomelu Lukaku
83%
VFL WolfsburgManchester City€75MKevin De Bruyne
81%
AjaxFC Barcelona€75MFrenkie De Jong
79%
AjaxJuventus€75MMatthijs De Ligt
76%
LiverpoolFC Barcelona€82.3MLuis Suarez
75%
LOSC LilleArsenal€79MNicolas Pepe
71%
NapoliJuventus€90MGonzalo Higuain
70%
Athletic BilbaoChelsea€80MKepa Arrizabalaga
70%
Bayer LeverkusenChelsea€70MKai Havertz
69%
AS RomaLiverpool€73MAlisson
64%
Manchester UnitedPSG€61.6MAngel Di Maria
63%
Real MadridManchester United€74.6MAngel Di Maria
63%
ChelseaShanghai SIPG€60.3MOscar
63%
Leicester CityManchester City€67.8MRiyad Mahrez
63%
LiverpoolManchester City€69.1MRaheem Sterling
62%
SL BenficaManchester City€68MRuben Dias
62%
FC BarcelonaReal Madrid€60MLuis Figo
59%
Eintracht FrankfurtReal Madrid€70MLuka Jovic
59%
Atletico MadridManchester City€70MRodri
59%
Atletico MadridBayern Munich€80MLucas Hernandez
56%
Borussia DortmundArsenal€63.7MPierre-Emerick Aubameyang
56%
NapoliPSG€64.5MEdinson Cavani
53%
JuventusReal Madrid€77.5MZinedine Zidane
53%
AS MonacoReal Madrid€80MJames Rodriguez
51%
JuventusManchester City€65MJoao Cancelo
51%
RB LeipzigLiverpool€60MNaby Keita
49%
Athletic BilbaoManchester City€65MAymeric Laporte
48%
AC MilanReal Madrid€65MKaka
48%
Olympique LyonTottenham Hotspur€60MTanguy Ndombele
46%
Real MadridChelsea€78.9MAlvaro Morata
44%
Inter MilanFC Barcelona€69.5MZlatan Ibrahimovic
44%
AS MonacoAtletico Madrid€65MThomas Lemar
42%
JuventusFC Barcelona€60MMiralem Pjanic
41%
FC BarcelonaJuventus€72MArthur Melo
40%
ChelseaAtletico Madrid€66MDiego Costa
33%

Score Distribution

Percentile by Number Answered

Percent of People with Each Score

Your Score History

You have not taken this quiz since the last reset